Bienvenido a nuestro catálago, Biblioteca Universidad Monteávila

Marketing político y comunicación (Registro nro. 13269)

Detalles MARC
000 -CABECERA
campo de control de longitud fija 02967nam a2200253 4500
003 - IDENTIFICADOR DEL NÚMERO DE CONTROL
campo de control vecauma
005 - FECHA Y HORA DE LA ÚLTIMA TRANSACCIÓN
campo de control 20260317143319.0
007 - CAMPO FIJO DE DESCRIPCIÓN FÍSICA--INFORMACIÓN GENERAL
campo de control de longitud fija ta
008 - DATOS DE LONGITUD FIJA--INFORMACIÓN GENERAL
campo de control de longitud fija 260317b ve ||||| |||| 00| 0 spa d
020 ## - ISBN
Número Internacional Estándar del Libro 8449304512
040 ## - FUENTE DE LA CATALOGACIÓN
Centro catalogador/agencia de origen vecauma
Lengua de catalogación spa
Centro/agencia transcriptor vecauma
Centro/agencia modificador vecauma
Normas de descripción rda
041 ## - CÓDIGO DE LENGUA
Código de lengua del recurso spa
100 1# - AUTOR PERSONAL
Término indicativo de función/relación autor
245 1# - MENCIÓN DE TÍTULO
Título Marketing político y comunicación
Resto del título Claves para una buena información política
Mención de responsabilidad, etc. /Philippe J. Maarek
264 ## - PRODUCCIÓN, PUBLICACIÓN, DISTRIBUCIÓN, FABRICACIÓN Y COPYRIGHT
Producción, publicación, distribución, fabricación y copyright España.
Nombre del de productor, editor, distribuidor, fabricante Paidós;
Fecha de producción, publicación, distribución, fabricación o copyright 1997.
300 ## - DESCRIPCIÓN FÍSICA
Extensión 281 páginas.
336 ## - TIPO DE CONTENIDO
Término de tipo de contenido texto
Código de tipo de contenido txt
Fuente rdacontenido
337 ## - TIPO DE MEDIO
Nombre/término del tipo de medio no mediado
Código del tipo de medio n
Fuente rdamedio
338 ## - TIPO DE SOPORTE
Nombre/término del tipo de soporte volumen
Código del tipo de soporte nc
Fuente rdasoporte
505 0# - NOTA DE CONTENIDO CON FORMATO
Nota de contenido con formato El desarrollo de la comunicación política moderna.<br/>Los comienzos y el desarrollo del marketing político en Estados Unidos /<br/><br/> Fundamentos del marketing político moderno.<br/>El marketing político: una empresa global /<br/>Los medios de análisis e información /<br/><br/> Las herramientas del marketing político.<br/>Las herramientas tradicionales /<br/>Las herramientas audiovisuales /<br/>Métodos de marketing directo /<br/><br/> Las características propias de las campañas electorales.<br/>La estructura y la organización de la campaña Las particularidades locales /<br/>
520 3# - SUMARIO, ETC.
Sumario, etc. Con demasiada frecuencia, los políticos y medios de comunicación del mundo occidental se unen en una extraña alianza que a veces puede resultar perjudicial para ambos. Este fenómeno se ve agravado, por supuesto, por el hecho de que los dirigentes políticos acepten ser las marionetas de ciertas tertulias televisivas que más bien parecen modernos circos romanos. Sea como fuere, los responsables del bien público deben adaptar sus formas de comunicación a la evolución de la sociedad, tarea a la que se aplica este libro con el fin de mostrar de qué manera pueden ayudarles la comunicación global y el marketing político, a condición, claro está, de que dominen todos sus resortes. El autor aborda la figura del político y su actividad proporcionando una amplia perspectiva sobre temas como las campañas para las elecciones o aquellas otras diseñadas para mejorar su imagen y aumentar su popularidad entre el público. Y el resultado es un texto tan útil para los estudiantes de ciencias de la comunicación como para miembros de partidos políticos o cualquier otro lector que desee comprender mejor cómo se logra el triunfo en la batalla por el acceso al poder.<br/>Philippe J. Maarek es copresidente del Comité de Investigación en Comunicación Política de la Asociación Internacional de Ciencia Política. Es también profesor asociado en la Universidad de París XII-Val-de-Marne y profesor invitado en las universidades de París IPanthéon-Sorbonne y París X-Nanterre.<br/>
942 #1 - ELEMENTOS DE ENTRADA AGREGADA (KOHA)
Fuente del sistema de clasificación o colocación Library of Congress Classification
Ocultar en OPAC No
Tipo de ítem Koha Libros
Existencias
Estado de retiro Estado de pérdida Fuente del sistema de clasificación o colocación Estado dañado No para préstamo Código de colección Localización permanente Ubicación/localización actual Ubicación en estantería Fecha de adquisición Número de inventario Total de préstamos Código de barras Fecha visto por última vez Precio válido a partir de Tipo de ítem Koha
    Library of Congress Classification     Colección general Biblioteca Universidad Monteávila Biblioteca Universidad Monteávila Colección general 17/03/2026 48901   2026-0402 17/03/2026 17/03/2026 Libros

Copyright @ UMA Library
Universidad Monteávila Caracas, Venezuela

Edif. Sede principal Universidad Monteávila. Av. El Buen Pastor. Boleíta Norte. Caracas. 
Customized by Universidad Monteávila

Con tecnología Koha